Online Catalogue and eLibrary

Revolutionary idealism and parliamentary politics : (Record no. 466)

MARC details
000 -LEADER
fixed length control field 00610cam a2200205 a 4500
001 - CONTROL NUMBER
control field 14548726
005 - DATE AND TIME OF LATEST TRANSACTION
control field 20240222000253.0
008 - FIXED-LENGTH DATA ELEMENTS--GENERAL INFORMATION
fixed length control field 060913s2000 ce b 001 0 eng
020 ## - INTERNATIONAL STANDARD BOOK NUMBER
ISBN 95591022507
040 ## - CATALOGING SOURCE (பட்டியலாக்க மூலம்)
Original cataloging agency DLC
Transcribing agency DLC
082 ## - DDC Classification
DDC Edition Number 22
Class No. 322.4.
Item Number - Author Mark REV.
100 1# - MAIN ENTRY--PERSONAL NAME
Personal name Amarasinghe, Y. Ranjith.
245 10 - TITLE STATEMENT
Title Revolutionary idealism and parliamentary politics :
Remainder of title a study of Trotskyism in Sri Lanka /
Statement of responsibility, etc. Y. Ranjith Amarasinghe.
260 ## - PUBLICATION, DISTRIBUTION, ETC.
Place of publication, distribution, etc. Colombo :
Name of publisher, distributor, etc. Social Scientists' Association,
Date of publication, distribution, etc. 2000.
300 ## - PHYSICAL DESCRIPTION
Extent (e.g. Volumes, Pages etc.) iv, 337 p. ;
650 #0 - SUBJECT ADDED ENTRY--TOPICAL TERM
Topical term or geographic name entry element Communism
650 #0 - SUBJECT ADDED ENTRY--TOPICAL TERM
Topical term or geographic name entry element Nationalism
650 #0 - SUBJECT ADDED ENTRY--TOPICAL TERM
Topical term or geographic name entry element Labor movement
942 ## - Koha item type (Biblio)
Koha item type Books in Stacks (Lending)
Holdings
Lost status Damaged status Collection code Home library Current library Date acquired Full call number Accession Number Item type
    Lending WERC Library WERC Library 02/22/2024 322.4. REV. 2872 Books in Stacks (Lending)

© WERC Library